"Москвич" 2141-01, 21412-01, 214122 (1,7), 214123 (1,8), 2335, 23352, 233522 (1,7), 233523 (1,8) (Запись № 1145270)

Подробности
000 -МАРКЕР
контрольное поле 01702nam0a2200325 4500
001 - ИДЕНТИФИКАТОР ЗАПИСИ
контрольное поле RU\NLR\bibl\503706
005 - ИДЕНТИФИКАТОР ВЕРСИИ
контрольное поле 20260407133925.0
010 ## - МЕЖДУНАРОДНЫЙ СТАНДАРТНЫЙ НОМЕР КНИГИ (ISBN)
Номер (ISBN) 5-88924-058-7
Тираж 7000
021 ## - НОМЕР ГОСУДАРСТВЕННОЙ РЕГИСТРАЦИИ
Код страны Российская Федерация
Номер 2004-7280
Номер Листа государственной регистраци 371
035 ## - ДРУГИЕ СИСТЕМНЫЕ НОМЕРА
Идентификатор записи (NLR Aleph) 000496280
100 ## - ДАННЫЕ ОБЩЕЙ ОБРАБОТКИ
Данные общей обработки 20040323d2004 |||y0rusy50 ca
101 0# - ЯЗЫК РЕСУРСА
Язык текста, звукозаписи и т.д. русский
102 ## - СТРАНА ПУБЛИКАЦИИ ИЛИ ПРОИЗВОДСТВА
Страна публикации Российская Федерация
105 ## - ПОЛЕ КОДИРОВАННЫХ ДАННЫХ: ТЕКСТОВЫЕ МАТЕРИАЛЫ, МОНОГРАФИЧЕСКИЕ
Кодированные данные о монографическом текстовом документе a |||||||||
200 1# - ЗАГЛАВИЕ И СВЕДЕНИЯ ОБ ОТВЕТСТВЕННОСТИ
Основное заглавие "Москвич" 2141-01, 21412-01, 214122 (1,7), 214123 (1,8), 2335, 23352, 233522 (1,7), 233523 (1,8)
Сведения, относящиеся к заглавию Руководство по эксплуатации, техн. обслуж. и ремонту
Первые сведения об ответственности Коллектив авт. з-да "АЗЛК"
Последующие сведения об ответственности [Науч. ред. С.Н. Погребной]
210 ## - ПУБЛИКАЦИЯ, РАСПРОСТРАНЕНИЕ И ДР.
Место издания, распространения и т.д. М.
Имя издателя, распространителя и т. д. Третий Рим
Дата издания, распространения и т.д. 2004
215 ## - ФИЗИЧЕСКАЯ ХАРАКТЕРИСТИКА
Специфическое обозначение материала и объем 160, [8] с.
Другие сведения о физической характеристике ил., цв. ил.
Размеры 28
225 1# - СЕРИЯ
Основное заглавие серии Мой автомобиль
Сведения, относящиеся к заглавию Техобслуживание. Эксплуатация. Ремонт
606 0# - НАИМЕНОВАНИЕ ТЕМЫ КАК ПРЕДМЕТ
Наименование темы Автомобили "Москвич" 2141
Формальный подзаголовок Руководства, пособия и т.п.
Тематический подзаголовок Эксплуатация
Системный номер авторитетной/нормативной записи 1051579
Идентификатор авторитетной/нормативной записи RU\NLR\auth\6688487
606 0# - НАИМЕНОВАНИЕ ТЕМЫ КАК ПРЕДМЕТ
Наименование темы "Москвич" 2141, легковые автомобили
Формальный подзаголовок Руководства, пособия и т.п.
Тематический подзаголовок Эксплуатация
Системный номер авторитетной/нормативной записи 2097551
Идентификатор авторитетной/нормативной записи RU\NLR\auth\661268972
686 ## - ИНДЕКСЫ ДРУГИХ КЛАССИФИКАЦИЙ
Индекс О335.52-08я7"Москвич"
702 #1 - ИМЯ ЛИЦА - ВТОРИЧНАЯ ОТВЕТСТВЕННОСТЬ
Код отношения Редактор
Материалы, к которым относится поле rus
Графика поля Кириллица
Начальный элемент ввода Погребной
Часть имени, кроме начального элемента ввода С. Н.
Расширение инициалов личного имени Сергей Н.
Идентификатор авторитетной/нормативной записи RU\NLR\auth\7787637
Системный номер авторитетной/нормативной записи 70565
712 02 - НАИМЕНОВАНИЕ ОРГАНИЗАЦИИ - ВТОРИЧНАЯ ОТВЕТСТВЕННОСТЬ
Код отношения Прочие
Начальный элемент ввода Московский автомобильный завод им. Ленинского комсомола
Идентификатор авторитетной/нормативной записи RU\NLR\AUTH\8810000371
Системный номер авторитетной/нормативной записи 497906
801 #0 - ИСТОЧНИК ЗАПИСИ
Страна Российская Федерация
Организация NLR
Дата составления 20040323
Правила каталогизации PSBO
801 #1 - ИСТОЧНИК ЗАПИСИ
Страна Российская Федерация
Организация NLR
Дата составления 20040323
942 ## - ДОПОЛНИТЕЛЬНЫЕ ЭЛЕМЕНТЫ ЗАПИСИ (АБИС)
Тип экземпляра АБИС Книга
980 ## - КОЛЛЕКЦИЯ
Название коллекции Национальная библиография
Экземпляры
Тип экземпляра Дата поступления Источник поступления Библиотека постоянного хранения Библиотека текущего хранения Место хранения Шифр хранения Штрих-код Статус экземпляра
Книга 23.03.2004 Обязательный экземпляр РНБ (Московский) РНБ (Московский) Русский книжный фонд: издания с 1957 года 2004-8/763 658003  
Книга 23.03.2004 Обязательный экземпляр РНБ (Московский) РНБ (Московский) Русский книжный фонд: издания с 1957 года 2004-8/763 658004